Geografía : (Registro nro. 187)
[ vista simple ]
| 000 -CABECERA | |
|---|---|
| fixed length control field | 00818nam a22002417a 4500 |
| 003 - CONTROL NUMBER IDENTIFIER | |
| control field | AR-BeUNQ |
| 005 - FECHA Y HORA DE LA ULTIMA TRANSACCION | |
| control field | 20220225124542.0 |
| 008 - ELEMENTOS DE LONGITUD FIJA-INFORMACION GENERAL | |
| fixed length control field | 180502b xxu||||| |||| 00| 0 spa d |
| 020 ## - NUMERO INTERNACIONAL NORMALIZADO PARA LIBROS | |
| Número Internacional Normalizado del libro | 9789500116152 |
| 040 ## - FUENTE DE CATALOGACION | |
| Agencia de catalogación original | AR-BeUNQ |
| Idioma de catalogación | ESPAÑOL |
| Convenciones de la descripción | aacr |
| 082 ## - NUMERO DE CLASIFICACION DECIMAL DEWEYMBER | |
| Número de clasificación | 910.712 |
| Número de la edición | 21 |
| 100 ## - ASIENTO PRINCIPAL-NOMBRE PERSONAL | |
| Nombre personal | Sposob, Gustavo |
| Término relacionador | aut |
| 245 ## - MENCION DE TITULO | |
| Título | Geografía : |
| Otra información sobre el título | Sociedad y naturaleza en la Argentina |
| Mención de responsabilidad, etc | Gustavo Sposob |
| 250 ## - MENCION DE EDICION | |
| Mención de edición | 1a.ed. |
| 260 ## - PUBLICACION, DISTRIBUCION, ETC. | |
| Lugar de publicación, distribución, etc. | Boulogne : |
| Nombre del editor, distribuidor, etc. | Estrada, |
| Fecha de publicación, distribución, etc | 2013 |
| 300 ## - DESCRIPCION FISICA | |
| Extensión | 240 p.; |
| Otros detalles físicos | il. ; |
| Dimensiones | 28 cm. |
| Material acompañante | Saber Hacer. |
| 490 ## - MENCION DE SERIE | |
| Mención de serie | Huellas |
| 504 ## - NOTA DE BIBLIOGRAFIA, ETC. | |
| Nota de bibliografía, etc. | Separadas por bloques por alfabeticamente. |
| 505 ## - NOTA DE CONTENIDO | |
| Nota de contenido con formato preestablecido | Los cpaitulos divididos en bloques temáaticos |
| Información miscelánea | Texto complementarios "Para ampliar". Notas periodisticas. Datos relevantes.. Sugerencias |
| 521 ## - NOTA DE AUDIENCIA | |
| Nota de audiencia | Escuela secundaria. |
| 929 ## - DATOS DE ADQUISICION | |
| Procedencia | DONACION |
| Número de inventario | 56809 |
| 942 #9 - ELEMENTOS DE PUNTO DE ACCESO ADICIONAL (KOHA) | |
| Tipo de ítem Koha | Libros |
| Suppress in OPAC | 1 |
| Estado de retiro | Estado de pérdida | Ubicación permanente | Ubicación actual | Ubicación en estantería | Fecha de ingreso | Total Checkouts | Signatura topográfica completa | Inventario | Date last seen | Tipo de ítem Koha | Operador |
|---|---|---|---|---|---|---|---|---|---|---|---|
| Biblioteca ESET - UNQ | Biblioteca ESET - UNQ | CIRCULACION | 02/05/2018 | 910.712 | 56809 | 02/05/2018 | Libros | Gladys Alarcon |